| 000 | 00522nam a2200217Ia 4500 | ||
|---|---|---|---|
| 003 | OSt | ||
| 005 | 20220516124834.0 | ||
| 008 | 210210b2004 xxu||||| |||| 00| 0 eng d | ||
| 040 |
_aAL _c |
||
| 041 | _aEnglish | ||
| 082 | _a657.46 RAOB | ||
| 100 |
_aRAO (K Sadashiva) _937318 |
||
| 245 | _aBusiness taxation I 2004-05 | ||
| 250 | _a18 Rev. | ||
| 260 |
_aUdupi _bSushrutha Books _c2004 |
||
| 300 | _aM13 | ||
| 650 |
_ataxation _937319 |
||
| 690 |
_aBusiness Taxation _937320 |
||
| 906 | _a059624 | ||
| 942 |
_2ddc _cBK |
||
| 999 |
_c106858 _d106858 |
||